La identidad latinoamericana en el pensamiento de Helio Gallardo

Guardado en:
書目詳細資料
主要作者: Solís Umaña, Mario Alberto
格式: 圖書
語言:Undetermined
出版: San José, Costa Rica Universidad de Costa Rica, Facultad de Letras, Escuela de Filosofía 1999
主題:
標簽: 添加標簽
沒有標簽, 成為第一個標記此記錄!

MARC

LEADER 00000nam a2200000Ia 4500
008 170316s9999 xx 000 0 und d
999 |c 14285  |d 14285 
040 |a cru BVZT 
090 |a TESIS 630 
100 |a Solís Umaña, Mario Alberto 
245 |a La identidad latinoamericana en el pensamiento de Helio Gallardo 
260 |a San José, Costa Rica  |b Universidad de Costa Rica, Facultad de Letras, Escuela de Filosofía  |c 1999 
300 |a 181 páginas 
650 |a LICENCIATURA EN FILOSOFÍA 
650 |a TRABAJO FINAL DE GRADUACIÓN  |9 237 
942 |c TFG  |h TESIS 630  |2 z